000 00391nam a2200169Ia 4500
008 210210b1937 xxu||||| |||| 00| 0 eng d
041 _aeng
082 _a331/221
100 _aSYKES (Ernest)
245 _aBanking and currency
260 _aLondon
_bButterworth & Co. Ltd.,
_c1937
650 _acurrency
650 _aBanking
650 _aand
690 _aBanking
906 _a004123
999 _c122958
_d122958